00673nam a2200241 a 4500001001300000003000900013005001700022008004100039020001100080082001500091100001700106245001900123260003200142300000900174500003500183505003400218650001900252700001700271902000800288942000700296952011300303999001500416nice12345678IN_TiNIC20260116011830.0050524s1968 enga grp 000 0 eng  ac64.800a248.4bMAR aMary, S Edna aReligious Life aEnglandbPenguin Bookc1968 a250p aincludes index and biblioraphy2 aAppendex, Bibliography, Index aChristian-Life1 aMary, S Edna bSRS cBK 001040708StackRoom-aHMIbHMId2007-07-09g64.80l0o248.4 MARp07844r2007-07-09v64.80w2005-05-24yBK c4300d4300